| 000 | 00575nam a22001937a 4500 | ||
|---|---|---|---|
| 003 | 0 | ||
| 005 | 20250910094628.0 | ||
| 008 | 250910b xxu||||| |||| 00| 0 eng d | ||
| 020 | _a979-8-214-04253-4 | ||
| 050 |
_aHD 31 _b.G75 2026 |
||
| 100 |
_aGriffin, Ricky W., _eauthor. |
||
| 245 |
_aManagement / _cRicky W. Griffin. |
||
| 250 | _aFourteenth edition. | ||
| 260 |
_aMason, OH : _bCengage, _c2026. |
||
| 300 |
_axxii, 618 pages : _bcolored illustrations ; _c28 cm. |
||
| 504 | _aIncludes bibliographical references and index. | ||
| 650 | _aManagement. | ||
| 942 |
_2lcc _cBK |
||
| 999 |
_c367864 _d367864 |
||